Statistics and finance: an introduction
Salvato in:
| Autore principale: | |
|---|---|
| Natura: | Libro |
| Lingua: | inglese |
| Pubblicazione: |
Nueva York
Springer
2004
|
| Edizione: | 1a. ed |
| Serie: | Springer Texts in Statistics
|
| Soggetti: | |
| Tags: |
Aggiungi Tag
Nessun Tag, puoi essere il primo ad aggiungerne!!
|
MARC
| LEADER | 00000nam a2200000 a 4500 | ||
|---|---|---|---|
| 001 | UCI4904 | ||
| 003 | CL-VaPUC | ||
| 008 | 080307e20040000US |||||||||||||||||eng|d | ||
| 020 | |a 0387202706 | ||
| 082 | 0 | 4 | |a 332.015195 |b RUP |2 21 |
| 100 | 0 | |a Ruppert, David |e author |9 526988 | |
| 245 | 1 | 0 | |a Statistics and finance: an introduction |
| 250 | |a 1a. ed | ||
| 300 | |a 473 p | ||
| 942 | |c BK | ||
| 945 | |d 20080307 00:00:00 |a cmena | ||
| 260 | |a Nueva York |b Springer |c 2004 | ||
| 650 | 0 | |a Finanzas |9 260832 | |
| 650 | 0 | |a Estadística matemática |9 260028 | |
| 650 | 0 | |a Modelos matemáticos |9 259437 | |
| 650 | 7 | |a MODELOS DE SERIES DE TIEMPO |2 CL-VaPUC |9 526989 | |
| 650 | 0 | |a Análisis estadístico |9 269506 | |
| 650 | 0 | |a Econometría |9 261029 | |
| 583 | |a last modification |c 20080307 00:00:00 |k Rodrigo Vera | ||
| 490 | 0 | |a Springer Texts in Statistics | |
| 999 | |c 328740 |d 328738 | ||
| 952 | |0 0 |1 0 |4 0 |6 332_015195000000000_RUP_2004 |7 0 |8 A |9 412812 |a BIBGIM |b BIBGIM |d 2019-11-22 |i 4411951 |o 332.015195 RUP 2004 |p 4411951 |r 2025-01-15 |w 2019-11-22 |y BK |k EST | ||